MARC details
| 000 -LEADER |
| campo de control de longitud fija |
00940nam a2200217 i 4500 |
| 001 - NÚMERO DE CONTROL |
| campo de control |
C00041126c |
| 005 - FECHA Y HORA DE LA ÚLTIMA TRANSACCIÓN |
| campo de control |
20241029145316.0 |
| 008 - DATOS DE LONGITUD FIJA--INFORMACIÓN GENERAL |
| campo de control de longitud fija |
001115s1918 sp a 000 0 spa d |
| 080 ## - NÚMERO DE LA CLASIFICACIÓN DECIMAL UNIVERSAL |
| Número de la Clasificación Decimal Universal |
903(460.224 Bílbilis) |
| 100 1# - ENTRADA PRINCIPAL--NOMBRE DE PERSONA |
| Nombre de persona |
Sentenach y Cabañas, Narciso ( |
| Fechas asociadas al nombre |
1856-1925) |
| 9 (RLIN) |
29646 |
| 245 10 - MENCIÓN DEL TÍTULO |
| Título |
Excavaciones en Bílbilis (Cerro de Bámbola-Calatayud) |
| Resto del título |
: memoria de las exploraciones y excavaciones practicadas en el año 1917 / |
| Mención de responsabilidad, etc. |
por Narciso Sentenach y Cabañas. |
| 260 ## - PUBLICACIÓN, DISTRIBUCIÓN, ETC. |
| Lugar de publicación, distribución, etc. |
Madrid : |
| Nombre del editor, distribuidor, etc. |
Revista de Arch., Bibl. y Museos, |
| Fecha de publicación, distribución, etc. |
1918. |
| 300 ## - DESCRIPCIÓN FÍSICA |
| Extensión |
21 p., [2] h. de lám. ; |
| Dimensiones |
25 cm. |
| 500 ## - NOTA GENERAL |
| Nota general |
Memorias de la Junta Superior de Excavaciones y Antigüedades, nº 3. |
| 650 #4 - PUNTO DE ACCESO ADICIONAL DE MATERIA--TÉRMINO DE MATERIA |
| Término de materia o nombre geográfico como elemento de entrada |
Excavaciones (Arqueología)- |
| Subdivisión geográfica |
España- |
| -- |
Calatayud. |
| 9 (RLIN) |
92180 |
| 651 #4 - PUNTO DE ACCESO ADICIONAL DE MATERIA--NOMBRE GEOGRÁFICO |
| Nombre geográfico |
Bílbilis (Calatayud, España) |
| 9 (RLIN) |
27154 |
| 710 2# - ENTRADA AGREGADA--NOMBRE DE ENTIDAD CORPORATIVA |
| Nombre de entidad corporativa o nombre de jurisdicción como elemento de entrada |
Junta Superior de Excavaciones y Antigüedades ( |
| Sede del congreso/Lugar de la reunión |
Madrid) |
| 9 (RLIN) |
5521 |
| 852 42 - LOCALIZACIÓN |
| Número de control de estantería |
F-5181; F-5285 |